000 01006nam a2200181 4500
001 9609
090 _a9609
099 _tLIVR
100 _a20260402d u||y0frey5050 ba
101 _aara
102 _aSA
200 _aالمعرض التشكيلي لفنانين المملكة
_bLIVR
_e[Exposition à Djeddah, 2008] [Exhibition in Jeddah, 2008] [معرض بجدّة، 2008]
_fالجمعية العربية السعودية للثقافة و الفنون بفرع جدّة
_fSaudi Arabian Association Cultural Arts
210 _aDjeddah
_cالجمعية العربية السعودية للثقافة و الفنون بفرع جدّة
_d2008
215 _an.p.
_ccouv.coul.
_d16.5 x 24
606 _aArt en Arabie Saoudite
_xArts Plastiques en Arabie Saoudite
_xCalligraphie en Arabie Saoudite
_xArtistes Arabes
_xArtistes Saoudiens
_926641
710 _4070
_aالجمعية العربية السعودية للثقافة و الفنون بفرع جدّة
_926642
801 _aTN
_b32BIS
_c20260402
_gUNIMARC
830 _aABA